[Event "TUR-chT 2nd League"]
[Site "Konya"]
[Date "2019.07.28"]
[Round "9.14"]
[White "Dal, Nurseda"]
[Black "Izi, Betul Cemre"]
[Result "1/2-1/2"]
[WhiteElo "1089"]
[BlackElo "1164"]
[PlyCount "59"]
[EventDate "2019.07.22"]
[EventType "team-swiss"]
[EventRounds "9"]
[EventCountry "TUR"]
[SourceTitle "CBM 191 Extra"]
[Source "ChessBase"]
[SourceDate "2019.09.30"]
[SourceVersion "1"]
[SourceVersionDate "2019.09.30"]
[SourceQuality "1"]
[WhiteTeam "Yalova Altinkale"]
[BlackTeam "Seviye Dernegi"]
[WhiteTeamCountry "TUR"]
[BlackTeamCountry "TUR"]

1. e4 e6 2. d4 d5 3. exd5 exd5 4. Bd3 Bd6 5. Nf3 Bg4 6. h3 Bh5 7. Be3 Nc6 8. c3 Qd7 9. Nbd2 Nf6 10. Qc2 Bg6 11. Bxg6 hxg6 12. a3 0-0-0 13. b4 a6 14. a4 Ne7 15. Qb2 Nf5 16. 0-0 Rde8 17. Rfe1 b6 18. c4 Kd8 19. c5 Bg3 20. fxg3 Rxe3 21. Rxe3 Nxe3 22. Ne5 Qe6 23. g4 Nc4 24. Ndxc4 dxc4 25. cxb6 cxb6 26. Qc3 Ne4 27. Qf3 f5 28. gxf5 gxf5 29. Rc1 b5 30. axb5 1/2-1/2

[Event "TUR-chT 2nd League"]
[Site "Konya"]
[Date "2019.07.23"]
[Round "2.11"]
[White "Turkkan, Ece"]
[Black "Izi, Betul Cemre"]
[Result "1-0"]
[WhiteElo "1556"]
[BlackElo "1164"]
[PlyCount "99"]
[EventDate "2019.07.22"]
[EventType "team-swiss"]
[EventRounds "9"]
[EventCountry "TUR"]
[SourceTitle "CBM 191 Extra"]
[Source "ChessBase"]
[SourceDate "2019.09.30"]
[SourceVersion "1"]
[SourceVersionDate "2019.09.30"]
[SourceQuality "1"]
[WhiteTeam "Karaman Yunus Ortaokulu"]
[BlackTeam "Seviye Dernegi"]
[WhiteTeamCountry "TUR"]
[BlackTeamCountry "TUR"]

1. d4 e6 2. c4 f5 3. Nc3 Bb4 4. e3 Bxc3+ 5. bxc3 Nf6 6. Bd3 b6 7. Nf3 Bb7 8. 0-0 d6 9. Nd2 Nbd7 10. a4 Qe7 11. a5 0-0 12. a6 Bc6 13. Nb1 Rab8 14. Na3 Qf7 15. Nb5 Bxb5 16. cxb5 Rbc8 17. Qf3 d5 18. Ba3 Rfe8 19. c4 c6 20. Rac1 cxb5 21. cxb5 Ne4 22. Bxe4 fxe4 23. Qe2 e5 24. Bb2 Qe7 25. Rc6 exd4 26. Bxd4 Rxc6 27. bxc6 Nb8 28. Qb5 Qd6 29. c7 Nd7 30. Rc1 Rc8 31. Rc6 Qe7 32. Qxd5+ Kh8 33. h3 Nf8 34. Be5 Ng6 35. Bg3 Nf8 36. Qf5 Nd7 37. Re6 Qc5 38. Qxe4 Qf8 39. Bd6 Nc5 40. Bxc5 bxc5 41. Qb7 Ra8 42. Rc6 Rc8 43. Qxa7 Qe8 44. Qxc5 Qd7 45. a7 h6 46. a8Q Rxa8 47. c8Q+ Rxc8 48. Rxc8+ Qxc8 49. Qxc8+ Kh7 50. e4 1-0